| 000 | 01177cam a22003254a 4500 | ||
|---|---|---|---|
| 001 | 14288965 | ||
| 003 | OSt | ||
| 005 | 20211111121836.0 | ||
| 008 | 060306s2007 paua b 001 0 eng | ||
| 010 | _a 2006040905 | ||
| 020 | _a9780768014617 | ||
| 035 | _a(OCoLC)ocm64625018 | ||
| 035 | _a(OCoLC)64625018 | ||
| 038 | _aKhadija | ||
| 040 |
_aDLC _cDLC _dYDX _dOCLCQ _dBTCTA _dYDXCP _dDLC |
||
| 042 | _apcc | ||
| 050 | 0 | 0 |
_aTL210 _b.Z454 2007 |
| 082 | 0 | 0 |
_a629.2504 _222 _bZAR |
| 100 | 1 |
_aZhao, Fuquan. _983879 |
|
| 245 | 1 | 0 |
_aTechnologies for near-zero-emission gasoline-powered vehicles / _cFuquan (Frank) Zhao. |
| 260 |
_aWarrendale, PA : _bSAE International, _cc2007. |
||
| 300 |
_axvi, 464 p. : _bill. ; _c24 cm. |
||
| 504 | _aIncludes bibliographical references and index. | ||
| 563 | _aHardcover | ||
| 650 | 0 |
_aAutomobiles _xMotors _xTechnological innovations. _983911 |
|
| 650 | 0 |
_aSpark ignition engines _xTechnological innovations. _983912 |
|
| 906 |
_a7 _bcbc _corignew _d1 _eocip _f20 _gy-gencatlg |
||
| 942 |
_2ddc _cBK |
||
| 999 |
_c33007 _d33007 |
||